| 000 | 00947nam a2200241 4500 | ||
|---|---|---|---|
| 001 | 111347 | ||
| 003 | ES-MaACL | ||
| 005 | 20250328191814.0 | ||
| 007 | t| | ||
| 008 | 061121s1950 sp r ||||1| spa d | ||
| 100 | 1 |
_aOlivar Bertrand, R. _986762 |
|
| 245 | 1 | 0 |
_aEn el umbral del Renacimiento _b: Francois Villon : (vida, obra y epoca) / _cRafael Olivar Bertrand. |
| 250 | _a1ª. ed. | ||
| 260 |
_aBarcelona : _bLuis MIracle, _c1950. |
||
| 300 |
_aIX, 493 p., I-XXXIV lám. : _bil. ; _c22 cm. |
||
| 510 |
_aCCPB,
_c001343701-1 |
||
| 650 | 7 |
_9136726 _aPoesía francesa |
|
| 852 |
_aES-MaACL _jD-6289 _bR.30118 _bR.M.5884 _9115570 _cSVI _fSello en tinta azul de la Biblioteca del Ateneo de Madrid _xEncuadernación en tela gris |
||
| 942 |
_2udc _cMONOGRAFIA |
||
| 999 |
_c111347 _d111347 |
||